| 000 | 00905nam0a22002531 4500 | ||
|---|---|---|---|
| 001 | rc\4046590 | ||
| 005 | 20130415141933.1 | ||
| 021 |
_aRU _b[52-10200] |
||
| 035 | _a(NLR Aleph) 008103381 | ||
| 090 |
_a9258439 _c9258439 |
||
| 100 | _a20130415d1952 |||y0rusy50 ca | ||
| 101 | 0 | _arus | |
| 102 | _aRU | ||
| 105 | _ay z ||||| | ||
| 200 | 1 |
_aЧто такое "друзья народа" и как они воюют против социал-демократов? _e(Ответ на статьи "Рус. богатства" против марксистов) |
|
| 210 |
_a[Москва] _cГосполитиздат _d1952 |
||
| 215 |
_a216 с. _d20 |
||
| 601 | 0 | 2 |
_aВКП(б) _xИстория _z1883-1901 _2psbo |
| 700 | 1 |
_aЛенин _bВ. И. _f1870-1924 _gВладимир Ильич |
|
| 801 | 0 |
_aRU _bNLR _gpsbo |
|
| 801 | 1 |
_aRU _bELAR _2rusmarc |
|
| 852 |
_aNLR _jЛ 1-94/1-30 |
||
| 942 | _cBOOK | ||
| 980 | _aNB | ||